The psychology of today's woman (Record no. 14259)

MARC details
000 -LEADER
campo de control de longitud fija 00642nam a2200205 i 4500
001 - NÚMERO DE CONTROL
campo de control 14259
003 - IDENTIFICADOR DE NÚMERO DE CONTROL
campo de control ES-MaACL
005 - FECHA Y HORA DE LA ÚLTIMA TRANSACCIÓN
campo de control 20230906150747.0
007 - CAMPO FIJO DE DESCRIPCIÓN FÍSICA--INFORMACIÓN GENERAL
campo de control de longitud fija t|
008 - DATOS DE LONGITUD FIJA--INFORMACIÓN GENERAL
campo de control de longitud fija 981123s1989 xxu ||||1| eng d
020 ## - NÚMERO INTERNACIONAL ESTÁNDAR DEL LIBRO
Número Internacional Estándar del Libro 0-674-72109-8
080 ## - NÚMERO DE LA CLASIFICACIÓN DECIMAL UNIVERSAL
Número de la Clasificación Decimal Universal 159.922.1-055.2
245 04 - MENCIÓN DEL TÍTULO
Título The psychology of today's woman
Resto del título : new psychoanalytic visions /
Mención de responsabilidad, etc. edited by Toni Bernay, Dorothy W. Cantor.
260 ## - PUBLICACIÓN, DISTRIBUCIÓN, ETC.
Lugar de publicación, distribución, etc. Harvard :
Nombre del editor, distribuidor, etc. University Press,
Fecha de publicación, distribución, etc. [1989]
300 ## - DESCRIPCIÓN FÍSICA
Extensión XVII, 377 p. ;
Dimensiones 23 cm.
650 14 - PUNTO DE ACCESO ADICIONAL DE MATERIA--TÉRMINO DE MATERIA
Término de materia o nombre geográfico como elemento de entrada Mujeres-
Subdivisión general Psicología.
9 (RLIN) 15309
700 1# - ENTRADA AGREGADA--NOMBRE PERSONAL
Nombre de persona Bernay, Toni.
9 (RLIN) 28306
700 1# - ENTRADA AGREGADA--NOMBRE PERSONAL
Nombre de persona Cantor, Dorothy W.
9 (RLIN) 34688
852 ## - LOCALIZACIÓN
Ubicación ES-MaACL
Número de control de estantería L-21524
Sublocalización o colección R.118599
Holdings
Estatus retirado Estado de pérdida Estado de daño No para préstamo Biblioteca de origen Biblioteca actual Ubicación en estantería Fecha de adquisición Fuente de adquisición Total de préstamos Signatura topográfica completa Código de barras Visto por última vez Precio de reemplazo Tipo de ítem Koha
        Biblioteca del Ateneo de Madrid Biblioteca del Ateneo de Madrid Depósito 2 17/01/2008     L-21524 1014506 23/02/2023 23/02/2023 Libro impreso